| 000 | 00834nam a2200241 a 4500 | ||
|---|---|---|---|
| 001 | BRL_490 | ||
| 005 | 20190320210752.0 | ||
| 008 | 200813s1964----gw-abo####---#000-0#ger-# | ||
| 041 | _ager | ||
| 044 | _agw | ||
| 050 | 4 |
_aN5305 _b.K86 7 1964 |
|
| 100 | 1 |
_aJettmar, Karl _924087 |
|
| 245 | 1 | 0 |
_aDie Frühen Steppenvölker _bDer Eurasiatische Tierstil Entstehung und Sozialer Hintergrund _cvon Karl Jetmar. |
| 260 |
_aGermany _bHolle-Verlag Baden-Baden _c1964 |
||
| 300 |
_a273 p. _bil. (algunas a color), mapas _c23 cm. |
||
| 440 | 0 |
_aKunst der Welt; ihre geschichtlichen, soziologischen und religiösen Grundlagen _pDie aussereuropäischen Kulturen _v7 _924088 |
|
| 500 | _aAu512 | ||
| 500 | _aBibliografía: p. 248-261 | ||
| 650 | 1 | 4 |
_aArte escitas _924089 |
| 650 | 1 | 4 |
_aAnimales en el arte _924090 |
| 902 | _aGRL | ||
| 942 |
_2lcc _cB |
||
| 999 |
_c9302 _d9302 |
||